| 000 | 01845cam a2200421 a 4500 | ||
|---|---|---|---|
| 001 | 1864 | ||
| 003 | FISKH | ||
| 005 | 20231006092236.0 | ||
| 008 | 060509s2006 nyua b 001 0beng d | ||
| 010 | _a 2006275928 | ||
| 020 | _a0439660459 (pbk.) | ||
| 035 | _a(OCoLC)ocm64035928 | ||
| 040 |
_aMOW _cMOW _dOCLCQ _dDLC _beng |
||
| 042 | _alccopycat | ||
| 050 | 0 | 0 |
_aF334.M753 _bP3826 2006 |
| 082 | 0 | 0 |
_a323.092 _aB _222 |
| 100 | 1 |
_aBrandt, Keith, _d1949- |
|
| 245 | 1 | 0 |
_aRosa Parks : _bfreedom rider / _cby Keith Brandt and Joanne Mattern ; illustrated by Gershom Griffith. |
| 260 |
_aNew York : _bScholastic, _c2006. |
||
| 300 |
_a54 pages : _billustrator ; _c20 cm. |
||
| 505 | _aT | ||
| 520 | _a"Rosa Parks boarded the bus that fateful day knowing exactly what she was going to do. She was going to stand up for her rights..." back cover | ||
| 521 | 8 |
_a800
_bLexile |
|
| 521 | 8 |
_aT
_bRaz-Plus |
|
| 600 | 1 | 0 |
_aParks, Rosa, _d1913-2005 _vJuvenile literature. |
| 650 | 0 |
_aAfrican Americans _zAlabama _zMontgomery _vBiography _vJuvenile literature. |
|
| 650 | 0 |
_aCivil rights workers _zAlabama _zMontgomery _vBiography _vJuvenile literature. |
|
| 650 | 0 |
_aAfrican Americans _xCivil rights _zAlabama _zMontgomery _vJuvenile literature. |
|
| 650 | 0 |
_aSegregation in transportation _zAlabama _zMontgomery _xHistory _y20th century _vJuvenile literature. |
|
| 651 | 0 |
_aMontgomery (Ala.) _vBiography _vJuvenile literature. |
|
| 651 | 0 |
_aMontgomery (Ala.) _xRace relations _vJuvenile literature. |
|
| 700 | 1 |
_aMattern, Joanne, _d1963- _eAuthor |
|
| 700 | 1 |
_aGriffith, Gershom. _eillustrator |
|
| 856 | 4 | 1 |
_3Table of contents only _uhttp://www.loc.gov/catdir/toc/fy0701/2006275928.html |
| 906 |
_a7 _bcbc _ccopycat _d2 _encip _f20 _gy-gencatlg |
||
| 942 |
_2ddc _cBK _n0 |
||
| 999 |
_c1864 _d1864 |
||